000 00492nam a22001817a 4500
003 OSt
008 240229b1992 |||||||| |||| 00| 0 eng d
082 _a658.403
_bMCN-D
100 _aMcnamee, Peter
245 _aDecision analysis with supertree /
_cPeter Mcnamee john celona.
250 _a2nd
260 _aCalifornia :
_bStrategic Decisions Group ,
_c1992.
300 _a324 p. ;
650 _aDecision Making
650 _aProblem-solving
700 _aCelona, John
942 _2ddc
_cBK
999 _c20394
_d20394